000 00968nam a2200253 a 4500
001 50208
003 BD-RjUL
005 20211209075456.0
008 160824s2000 b ||||| |||| 00| 0 eng d
020 _a9788175224322(V.66)
020 _a987755220218(set)
035 _a(BD-RjUL)50328
040 _aBD-RjUL
_bben
_cBD-RjUL
041 _aben
082 _223
_a781.1
_bTAS 2000
100 1 _aঠাকুর, রবীন্দ্রনাথ
_9150503
245 1 0 _aশিশুতীর্থ :
_bআখ্যান-গীতিনাট্য /
_cরবীন্দ্রনাথ ঠাকুর
260 _aকলকাতা :
_bবিশ্বভারতী গ্রন্থবিভগ,
_c2000.
300 _a৮০ পৃ;
_c২৭ সেমি.
490 _aস্বরবিতান ৬৬ সিরিজ
650 _aসঙ্গীতের মূলনীতি
_9150489
650 _aBasic Principles of Music.
_9150469
942 _2ddc
_cBK
999 _c50208
_d50208